M-Letter Subdivisions of Africa - Statistics

General Stats
  • This quiz has been taken 20 times
    3 since last reset
  • The average score is 40 of 102
Answer Stats
Country Subdivision Type Answer % Correct
Portugal Region Madeira
100%
Zimbabwe Province Midlands
100%
Kenya County Mombasa
100%
Tunisia Governorate Mahdia
67%
Kenya County Mandera
67%
Mozambique Province Manica
67%
Zimbabwe Province Manicaland
67%
Democratic Republic of the Congo Province Maniema
67%
Mozambique City | Province Maputo
67%
Kenya County Marsabit
67%
Algeria Province Mascara
67%
Lesotho District Maseru
67%
Zimbabwe Province Mashonaland Central
67%
Zimbabwe Province Mashonaland East
67%
Zimbabwe Province Mashonaland West
67%
Zimbabwe Province Masvingo
67%
Zimbabwe Province Matabeleland North
67%
Zimbabwe Province Matabeleland South
67%
Mauritius Island Mauritius
67%
Chad Province Mayo-Kebbi Est
67%
Chad Province Mayo-Kebbi Ouest
67%
France Region Mayotte
67%
Algeria Province Médéa
67%
Spain City Melilla
67%
Algeria Province Mila
67%
Egypt Governorate Monufia
67%
Mali Region Mopti
67%
Algeria Province Mostaganem
67%
Tanzania Region Mwanza
67%
Kenya County Machakos
33%
Uganda District Madi-Okollo
33%
Lesotho District Mafeteng
33%
Democratic Republic of the Congo Province Mai-Ndombe
33%
Cape Verde Municipality Maio
33%
Kenya County Makueni
33%
Angola Province Malanje
33%
Guinea Region Mamou
33%
Uganda District Manafwa
33%
Chad Province Mandoul
33%
Tunisa Governorate Manouba
33%
Tanzania Region Manyara
33%
Eswatini Region Manzini
33%
Tanzania Region Mara
33%
Uganda District Maracha
33%
Niger Region Maradi
33%
Liberia County Margibi
33%
Togo Region Maritime
33%
Morocco Region Marrakesh-Safi
33%
Liberia County Maryland
33%
Uganda District Masaka
33%
Uganda District Masindi
33%
Egypt Governorate Matrouh
33%
Uganda District Mayuge
33%
Uganda District Mbale
33%
Uganda District Mbarara
33%
Central African Republic Prefecture Mbomou
33%
Tunisia Governorate Medenine
33%
Madagascar Region Melaky
33%
Madagascar Region Menabe
33%
Mali Region Ménaka
33%
Kenya County Meru
33%
São Tomé and Príncipe District Mé-Zóchi
33%
Kenya County Migori
33%
Egypt Governorate Minya
33%
Libya District Misrata
33%
Uganda District Mitooma
33%
Uganda District Mityana
33%
Tanzania Region Mjini Magharibi (Zanzibar Urban West)
33%
Comoros Island Mohéli
33%
Lesotho District Mokhotlong
33%
Tunisia Governorate Monastir
33%
Democratic Republic of the Congo Province Mongala
33%
Benin Department Mono
33%
Côte d'Ivoire Autonomous District Montagnes
33%
Seychelles District Mont Buxton
33%
Seychelles District Mont Fleuri
33%
Liberia County Montserrado
33%
Cape Verde Municipality Mosteiros
33%
Angola Province Moxico
33%
South Africa Province Mpumalanga
33%
Algeria Province M'Sila
33%
Tanzania Region Mtwara
33%
Zambia Province Muchinga
33%
Libya District Murqub
33%
Libya District Murzuq
33%
Central African Republic Prefecture Mambéré
0%
Central African Republic Prefecture Mambéré-Kadéï
0%
Libya District Marj
0%
Senegal Region Matam
0%
Madagascar Region Matsiatra Ambony (Haute Matsiatra)
0%
Tanzania Region Mbeya
0%
Lesotho District Mohale's Hoek
0%
Tanzania Region Morogoro
0%
Uganda District Moroto
0%
Chad Province Moyen-Chari
0%
Gabon Province Moyen-Ogooué
0%
Uganda District Moyo
0%
Uganda District Mpigi
0%
Uganda District Mubende
0%
Uganda District Mukono
0%
Kenya County Murang'a
0%
No matching quizzes found
Score Distribution
Percent of People with Each Score
Percentile by Number Answered
Your Score History
You have not taken this quiz since the last reset